|
|
|
|
| LEADER |
01020ncm a22002892a 4500 |
| 001 |
001079668 |
| 003 |
CZ BrMZK |
| 005 |
20111012180600.0 |
| 007 |
qu |
| 008 |
091214s1963 xr |||||||||||||||||cze d |
| 040 |
|
|
|a BOA001
|b cze
|
| 072 |
|
7 |
|a 784
|x Vokální hudba
|2 Konspekt
|9 9
|
| 100 |
1 |
|
|a Grossman, Saša,
|d 1907-1976
|7 ola364055
|4 cmp
|
| 245 |
1 |
0 |
|a Pionýrská pochodová
|h [hudebnina] /
|c Saša Grossman ; slova: Bohuslav Povolný. Pionýrské kolo / Saša Grossman ; slova: Václav Bártl
|
| 250 |
|
|
|a 1. vyd.
|
| 260 |
|
|
|a Praha :
|b Státní hudební vydavatelství,
|c 1963
|
| 300 |
|
|
|a 5 s.
|
| 490 |
1 |
|
|a Písně našich dnů
|
| 500 |
|
|
|a Zpěv (dvouhlasý) a klavír
|
| 700 |
1 |
|
|a Povolný, Bohuslav
|7 mzk2011620173
|4 lyr
|
| 700 |
1 |
|
|a Bártl, Václav
|7 mzk2011664565
|4 lyr
|
| 740 |
0 |
2 |
|a Pionýrské kolo
|
| 830 |
|
0 |
|a Písně našich dnů
|
| 910 |
|
|
|a BOA001
|b Mus2-0501.511
|
| 990 |
|
|
|a MU
|
| 991 |
|
|
|b 200912
|
| 996 |
6 |
|
|b 2619437184
|c Mus2-0501.511
|l MZK
|r Sklad / do 1 hodiny
|n 0
|w 001101451
|u 000010
|a 1
|e BOA001
|j MZK50
|s P
|